000 00606nam a22002177a 4500
003 OSt
005 20210414105236.0
008 210307s1977 ||||| |||| 00| 0 eng d
020 _a03553103067
040 _aeng
_beng
_cDLC
041 _aeng
080 _a821.111
_bS-53
100 _91301
_aSheehy, Gail
245 _aPassages / Predictable Crises of Adult Life
_c/ by: Bantam Books
260 _aNew York
_bBantam Books
_c1977
300 _a560 p.
365 _b2.50 usd
650 0 _9247
_aEnglish literature
653 _aინგლისური ლიტერატურა
942 _2udc
_cBK
999 _c2038
_d2038